Statistics for Papercut - Linkin Park (Lyrics)

Click here to take the quiz!

General Stats

  • This quiz has been taken 32 times
  • The average score is 41 of 61

Answer Stats

Lyrics% Correct
Somethin' in here is not {right} today
96%
But everyone has a face that they hold {inside}
89%
Like a face that I hold {inside}
89%
You've got a face on the {inside} too
89%
But I know just what it {feels} like
85%
{Paranoia}'s all I got left
85%
Right inside your {skin}
81%
Right underneath my {skin}
81%
The face inside is right beneath your {skin}
81%
The face inside is right beneath your {skin}
81%
The face inside is right beneath your {skin}
81%
Why does it feel like {night} today?
81%
It's like a {whirlwind} inside of my head
78%
It's like a {whirlwind} inside of my head
78%
It's like a {whirlwind} inside of my head
78%
It's like a {whirlwind} inside of my head
78%
It's like a {whirlwind} inside of my head
78%
Why am I so {uptight} today?
78%
Or how the {pressure} was fed
74%
I don't know what set me off {first}
70%
I don't know what {stressed} me first
70%
I know I've got a {face} in me
70%
It's like I'm {paranoid}, {lookin'} over my back
70%
It's like I'm {paranoid}, {lookin'} over my back
70%
It's like I'm {paranoid}, {lookin'} over my back
70%
It's like I'm {paranoid}, {lookin'} over my back
70%
It's like I'm {paranoid}, {lookin'} over my back
70%
It's like the face inside is right {beneath} my {skin}
70%
It's like the face inside is right {beneath} my {skin}
70%
It's like the face inside is right {beneath} my {skin}
70%
It's like the face inside is right {beneath} the {skin}
70%
It's like the face inside is right {beneath} the {skin}
70%
That the {face} inside is here in me
70%
The {sun} goes down
70%
The {sun} goes down
70%
Points out all my {mistakes} to me
67%
To have a {voice} in the back of my {head}
67%
(And {watches} everything)
63%
(And {watches} everything)
63%
And your paranoia's probably {worse}
63%
I feel the light {betray} me
63%
I feel the light {betray} me
63%
It's like I can't {stop} what I'm {hearing} within
56%
It's like I can't {stop} what I'm {hearing} within
56%
It's like I can't {stop} what I'm {hearing} within
56%
It's like I can't {stop} what I'm {hearing} within
56%
It's like I can't {stop} what I'm {hearing} within
56%
It's like I can't {stop} what I'm {hearing} within
56%
It's like I can't {stop} what I'm {hearing} within
56%
So I know that when it's time to {sink} or {swim}
56%
So you know that when it's time to {sink} or {swim}
56%
But I know what I can't {stand}
48%
That the face inside is {watchin'} you too
48%
A face that {awakes} when I close my {eyes}
44%
A face that {awakes} when I close my {eyes}
44%
A face that {laughs} every time I {fall}
44%
A face that {laughs} every time they {fall}
44%
A face {watches} every time I {lie}
41%
A face {watches} every time they {lie}
41%
Everybody {acts} like the fact of the {matter} is
37%
I can't {add} up to what you can
37%

Score Distribution

Percentile by Number Answered

Percent of People with Each Score

Your Score History

You have not taken this quiz